Fredric Jameson /

Colección de guías introductorias a la obra de varios de los pensadores más relevantes de las ciencias sociales, cada una de las cuales consiste en un análisis contextualizado de las ideas claves y fuentes, significación, motivaciones e impacto del teórico en cuestión sobre otros científicos sociale...

Descripción completa

Guardado en:
Detalles Bibliográficos
Autor principal: Roberts, Adam (autor)
Formato: Libro
Idioma:Inglés
Publicado: Londres, Inglaterra : Routledge, 2000, c2000
Colección:(Routledge Critical Thinkers: Essential Guides for Literary Studies)
Temas:
Etiquetas: Agrega una etiqueta
Sin etiquetas, Sé el primero en etiquetar este registro!

MARC

LEADER 00000nam^a2200000^a^4500
001 000154419
005 20250521000000.0
009 20260310100354.524
020 |a 0-415-21523-4 
037 |a Acervo ITESO - Biblioteca 
041 |a ING 
082 |a 300. 1  |b ROU V. 6 
100 |a Roberts, Adam  |e (autor) 
240 1 1 |a [Routledge Critical Thinkers: Essential Guides for Literary Studies] 
245 1 0 |a Fredric Jameson /  |c A. Roberts ; pref. de Robert Eaglestone. 
264 4 |a Londres, Inglaterra :  |b Routledge,  |c 2000, c2000 
300 |a X, 164 p. 
336 |a texto  |b txt  |2 rdacontenido 
337 |a sin mediación  |b n  |2 rdamedio 
338 |a volumen  |b nc  |2 rdasoporte 
440 1 |a (Routledge Critical Thinkers: Essential Guides for Literary Studies) 
520 |a Colección de guías introductorias a la obra de varios de los pensadores más relevantes de las ciencias sociales, cada una de las cuales consiste en un análisis contextualizado de las ideas claves y fuentes, significación, motivaciones e impacto del teórico en cuestión sobre otros científicos sociales. El presente tomo está dedicado a Fredric Jameson, crítico norteamericano nacido en 1934 y quien es considerado uno de los principales exponentes de la crítica literaria marxista en lengua inglesa. La guía conduce al lector hacia los escritos de Jameson sobre el marxismo, Freud y Lacan; la inconsciencia política; el modernismo y la utopía; la postmodernidad y el cine. 
649 |a XX 
650 |a Críticos Norteamericanos 
650 |a Cine -  |x Historia y Crítica 
650 |a Literatura -  |x Historia y Crítica 
650 |a Literatura -  |x Teoría 
650 |a Psicoanálisis Freudiano 
650 |a Psicoanálisis Lacaniano 
650 |a Escuela Francesa de Psicoanálisis 
650 |a Utopía 
650 |a Capitalismo 
650 |a Modernidad y Posmodernidad 
650 |a Marxismo 
650 |a Política 
650 |a Ciencias Sociales 
650 |a Jameson, Fredric 
910 |a Fondo General 
920 |a Impresos - Libros 
930 |a Colección General 
905 |a 101 
901 |a 0500085802  |b IT1  |c ACC  |u 20250521 
902 |a https://opac.biblio.iteso.mx/vufind/Record/000154419